Trashumancia, Espacio para Poesía y Arte : N° 16 /

Contiene obra de: Lauro Zavala, José Brú, César López Cuadras, Carlos E. Bustos, Federico Pérez, José Tarim, Efrén Rodríguez, José Luis Silva, Leticia Vallejo, Octavio Romero, Rafael Mesina, Verónica Zamora, Víctor Manuel Cárdenas, Rubén Alcántar, Hugo Hiriart, Valerio Magrelli, Alejandro Zapa, Alic...

Celý popis

Uloženo v:
Podrobná bibliografie
Další autoři: Ocaranza, Jorge Octavio (dirección) (dirección), Gutiérrez Ramírez, Alfredo (edición) (edición)
Médium: Kniha
Jazyk:španělština
Vydáno: Guadalajara, México : Trashumancia, 1993
Témata:
Tagy: Přidat tag
Žádné tagy, Buďte první, kdo vytvoří štítek k tomuto záznamu!

MARC

LEADER 00000nam^a2200000^a^4500
001 000316785
005 20250521000000.0
008 111124 1993
009 20260310113324.001
037 |a Acervo ITESO - Biblioteca 
041 |a ESP 
082 |a 805.  |b TRA V. 16 
240 1 1 |a [Trashumancia, Espacio para Poesía y Arte] 
245 0 0 |a Trashumancia, Espacio para Poesía y Arte :  |b N° 16 /  |c Dir. de J.O. Ocaranza ; ed. de A. Gutiérrez Ramírez. 
264 1 |a Guadalajara, México :  |b Trashumancia,  |c 1993 
300 |a 56 p. 
336 |a texto  |b txt  |2 rdacontenido 
337 |a sin mediación  |b n  |2 rdamedio 
338 |a volumen  |b nc  |2 rdasoporte 
520 |a Contiene obra de: Lauro Zavala, José Brú, César López Cuadras, Carlos E. Bustos, Federico Pérez, José Tarim, Efrén Rodríguez, José Luis Silva, Leticia Vallejo, Octavio Romero, Rafael Mesina, Verónica Zamora, Víctor Manuel Cárdenas, Rubén Alcántar, Hugo Hiriart, Valerio Magrelli, Alejandro Zapa, Alicia Zúñiga Llamas, Arnulfo Sepúveda, Felipe Ponce, Francisco Javier Ibarra, Hugo Medrano, Jesús Díaz, Katia Castañeda, León Plascencia Ñol, Luis Armenta Malpica, María Esther de la Garza, María Teresa Gutiérrez, Miguel Cruz Robles, Teresa Blanco, Jorge Octavio Ocaranza y José Guadalupe Ramírez. 
586 |a Premio Nacional de Ciencias y Artes, categoría Lingüística y Literatura (60°: 2009), ex aequo 
649 |a XX 
650 |a Escritores Mexicanos -  |x Entrevistas 
650 |a Poesía Mexicana 
650 |a Poesía Italiana 
650 |a Cuentos Mexicanos 
650 |a Ensayos Mexicanos 
650 |a Literatura Mexicana -  |y Siglo XX 
650 |a Literatura Italiana -  |y Siglo XX 
650 |a Literatura Mexicana -  |x Historia y Crítica 
650 |a Literatura Iberoamericana -  |x Historia y Crítica 
650 |a Literatura -  |x Tema Principal 
650 |a Literatura -  |x Publicaciones Periódicas Jaliscienses 
650 |a Literatura -  |x Publicaciones Periódicas Mexicanas 
650 |a Hiriart, Hugo 
650 |a Madrigal Mora, José 
700 |a Ocaranza, Jorge Octavio  |e (dirección) 
700 |a Gutiérrez Ramírez, Alfredo  |e (edición) 
910 |a Fondo General 
920 |a Impresos - Libros 
930 |a Colección General 
905 |a 101 
901 |a 0500203566  |b IT2  |c FOL  |i D54075  |u 20250521 
902 |a https://opac.biblio.iteso.mx/vufind/Record/000316785